産業廃棄物20品目 - Statistics

General Stats
  • This quiz has been taken 6 times
  • The average score is 4 of 20
Answer Stats
区分 品目 % Correct
あらゆる事業活動に伴うもの 汚泥
40%
あらゆる事業活動に伴うもの 廃油
40%
あらゆる事業活動に伴うもの 廃酸
40%
あらゆる事業活動に伴うもの 廃アルカリ
40%
排出する業種等が限定されるもの 木くず
40%
あらゆる事業活動に伴うもの 燃え殻
20%
あらゆる事業活動に伴うもの 廃プラスチック類
20%
あらゆる事業活動に伴うもの ゴムくず
20%
あらゆる事業活動に伴うもの 金属くず
20%
排出する業種等が限定されるもの 紙くず
20%
あらゆる事業活動に伴うもの 鉱さい
20%
あらゆる事業活動に伴うもの ばいじん
20%
排出する業種等が限定されるもの 動物のふん尿
20%
排出する業種等が限定されるもの 動物の死体
20%
13号廃棄物
20%
あらゆる事業活動に伴うもの ガラスくず及び陶磁器くず
0%
排出する業種等が限定されるもの 繊維くず
0%
あらゆる事業活動に伴うもの がれき類
0%
排出する業種等が限定されるもの 動植物性残さ
0%
排出する業種等が限定されるもの 動物系固形不要物
0%
No matching quizzes found
Score Distribution
Percent of People with Each Score
Percentile by Number Answered
Your Score History
You have not taken this quiz